00489nam a2200169Ia 4500003000400000008004100004040001600045082001900061100001800080245006500098260005100163300001000214650002300224650002600247650002800273650001800301GCL140319s9999 xx 000 0 eng d aGCL / cGCL04a820.99287bR F1 aRUTHVEN, K.K.10aFEMINIST LITERARY STUDIES: AN INTRODUCTION / cRUTHVEN, K.K. a[S.N] : bCAMBRIBGE UNIVERSITY PRESS ، c1990 a152 P04aENGLISH LITERATURE04aHISTORY AND CRITICISM04aFEMINISM AND LITERATURE04aWOMEN CRITICS